000 00732nam a2200229Ii 4500
003 JO-AjNU
008 230605s9999||||xx |||||||||||||| ||und||
017 _a2001/14344
020 _a977-282-104-4
040 _aJO-AjNU
_bara
_erda
_cJO-AjNU
041 _aara
050 1 4 _aQA159 2001
100 3 _aشبيجل ، موراى/ م مشارك روبرت موير,
_eauthor
_931166
245 0 0 _aالجبر العام
264 3 1 _aالقاهرة:الدار الدولية للاستثمارات، 2001
300 _a138ص
336 _atext
_btxt
_2rdacontent
337 _aunmediated
_bn
_2rdamedia
338 _avolume
_bnc
_2rdacarrier
490 0 _aسلسلة ملخصات شوم
650 4 _aالجبر العام
_931167
999 _aA12436
_c16004
_d16004